000 00752nam a2200289Ia 4500
005 20260324134011.0
008 008 260324s9999 xx 000 0 eng d
020 _a9780429134081
037 _aEBOOK
040 _aCRL
040 _beng
040 _cCRL
041 _2eng
041 _aeng
084 _qCRL
100 _aThomas R. Peltier; Patrick D. Howard; Bob Cartwright
_91195196
245 4 _aThe Total CISSP Exam Prep Book
245 0 _bPractice Questions, Answers, and Test Taking Tips and Techniques
260 _bTaylor and Francis
260 _c2002
365 _a
365 _b355
856 _uhttp://www.taylorfrancis.com/books/9780429134081
942 _cEBOOK
999 _c1794813
_d1794813